00624nam a2200157 a 450000100100000000500170001000800410002704000250006810000360009324500840012926000480021330000440026150000730030550400310037858600570040900003667420200930075851.0120124s1988 cu ag 000 0 spa d aDO-SdBNPbspacBNPHU1 aVinueza, María Elena,d1959 -10aPresencia arara en la música folklorica de matanzas /cMaría Elena Vinueza. aLa Habana :bCasa de las Américas,c1988. a159 p. :bil., mús., retrs. ;c25 cm. aIncluye referencias bibliográficas y notas al pie de las páginas aBibliografía: p. 155-159 aPremio de musicología, Casa de las Américas 1986